000 00531nam a2200181Ia 4500
008 151202s9999||||xx |||||||||||||| ||und||
082 _bPNVM-49536
100 _aआपटे ह.ना.
245 _aचाणाक्षपणाचा कळस.
260 _b---
260 _c0
300 _a0
600 _aआपटे ह.ना.
630 _aचाणाक्षपणाचा कळस.
700 _aआपटे ह.ना.
730 _aचाणाक्षपणाचा कळस.
942 _cBOOK
999 _c1315618
_d1315615